Medicina - Statistics

Estatísticas Gerais
  • Esse quiz foi jogado 600 vezes
  • A pontuação média é 12 de 15
Estatísticas das Respostas
Hint Resposta % Correto
Cuida dos dentes Dentista
99%
Cuida do coração Cardiologista
96%
Cuida do olhos Oftalmologista
92%
Médico que cuida da pele Dermatologista
86%
Cuida da nossa segurança alimentar Nutricionista
85%
Médico especialista dedicado à saúde feminina Ginecologista
84%
Trata de problemas relacionados com a cabeça Neurologista
78%
Cuida das grávidas Obstetra
76%
Identifica traumas, medos e receios qu Psicólogo
76%
Trata dos ouvidos Otorrinolaringologista
73%
Vê radiografias Radiologista
72%
Médico dos ossos Ortopedista
71%
Restaura, desenvolve e conserva a capacidade física do paciente Fisioterapeuta
67%
Cuida das crianças Pediatria
67%
Cuida dos doentes Enfermeira
30%
Nenhum quiz correspondente encontrado
Distribuição das Pontuações
Porcentagem de Pessoas com Cada Pontuação
Percentil de Números Respondidos
Sua Pontuação Histórica
Você não jogou esse quiz